Thử đi tìm những phương pháp dạy học hiệu quả

Khái niệm về dạy học, phương pháp dạy học, mục đích, nội dung, đối tượng dạy học. Hệ thống các phương pháp dạy học. Dạy học tái hiện, dạy học tìm tòi và dạy học niên biết; TM tài liệu tham khảo tr.158...

Cijeli opis

Spremljeno u:
Bibliografski detalji
Glavni autor: Lê, Nguyên Long
Format: Knjiga
Jezik:Undetermined
Izdano: H. Giáo dục 1999
Teme:
Online pristup:http://lrc.tdmu.edu.vn/opac/search/detail.asp?aID=2&ID=19680
Oznake: Dodaj oznaku
Bez oznaka, Budi prvi tko označuje ovaj zapis!
Thư viện lưu trữ: Trung tâm Học liệu Trường Đại học Thủ Dầu Một
LEADER 00949nam a2200205Ia 4500
001 TDMU_19680
008 210410s9999 xx 000 0 und d
082 |a 371.3 
090 |b L250 
100 |a Lê, Nguyên Long 
245 0 |a Thử đi tìm những phương pháp dạy học hiệu quả 
245 0 |c Lê Nguyên Long 
260 |a H. 
260 |b Giáo dục 
260 |c 1999 
300 |a 159tr. 
520 |a Khái niệm về dạy học, phương pháp dạy học, mục đích, nội dung, đối tượng dạy học. Hệ thống các phương pháp dạy học. Dạy học tái hiện, dạy học tìm tòi và dạy học niên biết; TM tài liệu tham khảo tr.158  
650 |a Giáo dục  |x Phương pháp dạy học 
856 |u http://lrc.tdmu.edu.vn/opac/search/detail.asp?aID=2&ID=19680 
980 |a Trung tâm Học liệu Trường Đại học Thủ Dầu Một